000 01303nam0a22003251 4500
001 rc\3632520
005 20130115144931.2
021 _aRU
_b72-ОЭ-1116/3
021 _aRU
_bРг8053-72
035 _a(NLR Aleph) 007724157
090 _a6984339
_c6984339
100 _a20130115d1971 |||y0rusy50 ca
101 0 _arus
102 _aRU
105 _ay z |||||
200 1 _aМетодика анализа технико-экономических показателей деятельности НИИ и КБ
_fМ-во электронной пром-сти СССР. ЦНИИ "Электроника"
210 _aМосква
_cБ. и.
_d1971
215 _a[1], 98 с.
_d30
300 _aНа [1]-й с.: разраб. Хвалынский В.П., Винтайкина С.И., Корабовский Г.М., Терешкина Л.П.
320 _aБиблиогр.: с. 89-97
702 1 _aВинтайкина
_bС. И.
_4570
702 1 _aКорабовский
_bГ. М.
_4570
702 1 _aХвалынский
_bВ. П.
_4570
702 1 _aТерешкина
_bЛ. П.
_4570
712 0 2 _a"Электроника", институт
_cМосква
_3RU\NLR\AUTH\889929862
801 0 _aRU
_bNLR
_gpsbo
801 1 _aRU
_bELAR
_2rusmarc
852 _aNLR
_j72-8/804
942 _cBOOK
980 _aNB